000
00442nam a22001337a 4500
003
OSt
005
20150905141759.0
008
150905b xxu||||| |||| 00| 0 eng d
040
_c
RUA
082
_a
AGR គន 1992 BOO3 Or.1
100
_9
32
_a
គង-សុពុទ្ធី
245
_a
ការគ្រប់គ្រងមណ្ធុលអភិវត្តន៍កសិកម្្ម រដ្ឋកម្ពុជា
942
_2
ddc
_c
AGR
999
_c
29
_d
29